000 00336 a2200109 4500
001 ART_24964
005 20260410161933.0
008 260409a
245 1 0 _aEn torno a las medidas cambiarias vigentes del B.C.R.A.
100 1 _aStocker, Raúl Guillermo
773 0 _tInforme
_g- Año II, Nº 7 (ene. 1970)
_wREV23765
999 _c28782
_d28782